Analýza vybraných odvetví priemyslu v SR

Gespeichert in:
Bibliographische Detailangaben
1. Verfasser: Wienerová, Iveta
Weitere Verfasser: Červená, Karolína
Format: Buchkapitel
Sprache:Slowakisch
Tags: Tag hinzufügen
Keine Tags, Fügen Sie das erste Tag hinzu!

MARC

LEADER 00000nla$a2200000$$$4500
001 0122878
005 20240502072404.9
041 0 |a slo 
044 |a SK 
245 1 0 |a Analýza vybraných odvetví priemyslu v SR  |c Iveta Wienerová, Karolína Červená 
100 1 |a Wienerová, Iveta 
700 1 |a Červená, Karolína